Sexe i temperament en tres societats primitives / Margaret Mead ; traducció de Jordi Civís i Pol ; a cura de Jesús Contreras ; pròleg de Joan Frigolé
Descripción Física:
347 p. ; 19 cm
Colección:
Clàssics del pensament modern ; 14
MARC
| LEADER | 00000nam a2200000Ia 4500 | ||
|---|---|---|---|
| 001 | 1235 | ||
| 008 | 160829s1984 xx 000 0 cat d | ||
| 080 | |a M-2-143 | ||
| 100 | |a Mead, Margaret |9 33341 | ||
| 245 | |a Sexe i temperament en tres societats primitives / Margaret Mead ; traducció de Jordi Civís i Pol ; a cura de Jesús Contreras ; pròleg de Joan Frigolé | ||
| 260 | |a Barcelona : |b Edicions 62 : |b Diputació de Barcelona, |c 1984 | ||
| 300 | |a 347 p. ; |c 19 cm | ||
| 490 | |a Clàssics del pensament modern ; 14 | ||
| 650 | |a Antropologia |9 35565 | ||
| 650 | |a Etnologia |x Nova Guinea |9 33342 | ||
| 650 | |a Home primitiu |x Conducta sexual |9 33343 | ||
| 700 | |a Civís i Pol, Jordi, tr. |9 25798 |e traductor | ||
| 700 | |a Contreras, Jesús, ed. |9 33344 |e editor | ||
| 700 | 1 | |a Frigolé, Joan, |d 1943- |e autor del pròleg |9 26389 | |
| 901 | |a Arxiu | ||
| 942 | |n 1 |2 udc | ||
| 952 | |0 0 |1 0 |4 0 |6 M2143 |7 1 |9 46272 |a Arxiu |b Arxiu |d 2016-12-01 |l 0 |o M-2-143 |p 1235 |r 2016-12-01 00:00:00 |w 2016-12-01 |y ARXIU | ||
| 999 | |c 49774 |d 49774 | ||